000 01100nam0a22002891 4500
001 rc\4673726
005 20220120162333.0
021 _aRU
_b[67-69637]
035 _a(NLR Aleph) 008703796
090 _a9315298
_c9315298
100 _a20130416d1967 |||y0rusy50 ca
101 0 _arus
102 _aRU
105 _aa z |||||
200 1 _aПовышение продуктивности лесов Полесья УССР
_e[Сборник статей]
_f[Отв. ред. Г.И. Редько]
_gМ-во лесного хозяйства УССР
210 _aКиев
_cУрожай
_d1967
215 _a124 с.
_cил.
_d27
320 _aБиблиогр. в конце статей
606 _aЛеса
_xПродуктивность
_yУкраинская ССР
_2psbo
702 1 _aРедько
_bГ. И.
_gГеоргий Иванович
_4340
712 0 1 _aУССР
_bМинистерство лесного хозяйства
_3RU\NLR\AUTH\8810066475
801 0 _aRU
_bNLR
_gpsbo
801 1 _aRU
_bELAR
_2rusmarc
852 _aNLR
_j67-7/1690
942 _cBOOK
980 _aNB